000 00302nam a22001337a 4500
008 181006b xxu||||| |||| 00| 0 eng d
020 _a9780256116328
041 _aeng
080 _a330
100 _a52
101 _aMBE
245 _aThe Legal Environment of Business
_cBlackburn
942 _2udc
_cBK
999 _c48964
_d48964